La asistencia humanitaria en los conflictos armados : configuración jurídica, principios rectores y mecanismos de garantía /
Análisis crítico de los mecanismos que disponen el derecho internacional de los derechos humanos y el derecho internacional humanitario para la protección de las víctimas y la población civil en riesgo en los conflictos armados. El estudio pasa revista al debatido punto de la autorización del Estado...
Guardat en:
| Autor principal: | |
|---|---|
| Format: | Llibre |
| Idioma: | espanyol |
| Publicat: |
Valencia, España :
Tirant Lo Blanch,
2001, c2001
|
| Col·lecció: | (Tirant Monografías ;
193) |
| Matèries: | |
| Etiquetes: |
Sense etiquetes, Sigues el primer a etiquetar aquest registre!
|
MARC
| LEADER | 00000nam^a2200000^a^4500 | ||
|---|---|---|---|
| 001 | 000157961 | ||
| 005 | 20250521000000.0 | ||
| 009 | 20260310100556.623 | ||
| 020 | |a 84-8442-350-6 | ||
| 037 | |a Acervo ITESO - Biblioteca | ||
| 041 | |a ESP | ||
| 082 | |a 341. 67 |b ABR | ||
| 100 | |a Abril Stoffels, Ruth |e (autor) | ||
| 245 | 1 | 3 | |a La asistencia humanitaria en los conflictos armados : |b configuración jurídica, principios rectores y mecanismos de garantía / |c R. Abril Stoffels ; pról. de Manuel Pérez González. |
| 264 | 4 | |a Valencia, España : |b Tirant Lo Blanch, |c 2001, c2001 | |
| 300 | |a 470 p. | ||
| 336 | |a texto |b txt |2 rdacontenido | ||
| 337 | |a sin mediación |b n |2 rdamedio | ||
| 338 | |a volumen |b nc |2 rdasoporte | ||
| 440 | 1 | |a (Tirant Monografías ; |v 193) | |
| 520 | |a Análisis crítico de los mecanismos que disponen el derecho internacional de los derechos humanos y el derecho internacional humanitario para la protección de las víctimas y la población civil en riesgo en los conflictos armados. El estudio pasa revista al debatido punto de la autorización del Estado afectado por el conflicto para que se active el derecho a la asistencia humanitaria y examina, en su última parte, los requisitos de humanidad, imparcialidad y neutralidad que deben cubrir las actividades asistenciales humanitarias. | ||
| 649 | |a XX | ||
| 650 | |a Víctimas de Guerra - |x Condiciones Jurídicas | ||
| 650 | |a Protección Civil - |x Aspectos Jurídicos | ||
| 650 | |a Asistencia Social - |x Aspectos Jurídicos | ||
| 650 | |a Cooperación Internacional - |x Aspectos Jurídicos | ||
| 650 | |a Guerra y Paz | ||
| 650 | |a Violencia Política | ||
| 650 | |a Política Internacional | ||
| 650 | |a Derecho y Política | ||
| 650 | |a Derechos Humanos | ||
| 650 | |a Derecho Internacional Público | ||
| 650 | |a Derecho Positivo | ||
| 910 | |a Fondo General | ||
| 920 | |a Impresos - Libros | ||
| 930 | |a Colección General | ||
| 905 | |a 101 | ||
| 901 | |a 0500087843 |b IT1 |c ACC |u 20250521 | ||
| 902 | |a https://opac.biblio.iteso.mx/vufind/Record/000157961 | ||